| 000 | 01506nam0a2200277 4500 | ||
|---|---|---|---|
| 001 | RU\NLR\bibl\1301740 | ||
| 005 | 20250615151247.0 | ||
| 021 |
_aRU _b2008-80277 _94666 |
||
| 035 | _a(NLR Aleph) 001287321 | ||
| 090 |
_a537088 _c537088 |
||
| 100 | _a20081202d2006 |||y0rusy50 ca | ||
| 101 | 0 | _arus | |
| 102 | _aRU | ||
| 105 | _aa ||||||||| | ||
| 200 | 1 |
_aФизика _eдля иностранных студентов медико-биологических специальностей _eучебно-методическое пособие для иностранных студентов высших учебных заведений _fС.С. Кулик, Н.В. Малай _gФедер. агентство по образованию, Гос. образоват. учреждение высш. проф. образования "Белгор. гос. ун-т" |
|
| 210 |
_aБелгород _cИзд-во Белгородского государственного университета _d2006 |
||
| 215 |
_a168, [1] с. _cил. _d29 |
||
| 606 | 1 |
_aФизика _jУчебно-методические пособия для высших учебных заведений _9898198 _3RU\NLR\auth\665898 |
|
| 686 | _aВ3я73-1 | ||
| 700 | 1 |
_aКулик _bС. С. _gСветлана Сергеевна _4070 |
|
| 701 | 1 |
_aМалай _bН. В. _gНиколай Владимирович _4070 |
|
| 801 | 0 |
_aRU _bNLR _c20081202 _gRCR |
|
| 801 | 1 |
_aRU _bNLR _c20081202 |
|
| 942 | _cBOOK | ||
| 980 | _aNB | ||